[Event "IX Open"]
[Site "Condino ITA"]
[Date "2009.08.01"]
[Round "7"]
[White "Gardi, Giuseppe"]
[Black "Weinberg, Emanuele"]
[Result "1-0"]
[WhiteElo "2017"]
[BlackElo "1883"]
[PlyCount "112"]
[EventDate "2009.07.27"]

1. d4 Nf6 2. Nf3 g6 3. Nc3 Bg7 4. e4 d6 5. Be3 O-O 6. Qd2 Ng4 7. Bg5 h6 8. Bh4
Kh7 9. h3 Nf6 10. Bd3 Nbd7 11. e5 dxe5 12. dxe5 Ng8 13. O-O-O c6 14. g4 Qa5 15.
Bg3 Nxe5 16. Nxe5 Bxe5 17. Bxe5 Qxe5 18. f4 Qa5 19. Qe2 b5 20. g5 b4 21. Nb1
Bf5 22. gxh6 Qc7 23. Qf2 Bxd3 24. Rxd3 Nxh6 25. h4 Rad8 26. Nd2 Rxd3 27. cxd3
Qd7 28. Kc2 Rd8 29. Qf1 Nf5 30. Rh3 Qd4 31. Qf3 Qf6 32. Kb1 Qd4 33. h5 Qg1+ 34.
Nf1 Kg7 35. Rh1 Qd4 36. Rh3 e5 37. hxg6 fxg6 38. fxe5 c5 39. e6 Qd5 40. Qf2 Re8
41. Ng3 Qxd3+ 42. Kc1 Qe3+ 43. Qxe3 Nxe3 44. Ne4 Nf5 45. Kd2 c4 46. Nc5 Rd8+
47. Ke2 Rd5 48. Na6 Rb5 49. Nc7 Rb7 50. Ne8+ Kg8 51. Nf6+ Kg7 52. Rh7+ Kxf6 53.
Rxb7 Kxe6 54. Rxb4 Kd5 55. Ra4 Nd4+ 56. Ke3 Nb5 1-0

[Event "IX Open"]
[Site "Condino ITA"]
[Date "2009.08.01"]
[Round "7"]
[White "Gastaldello, Lorenzo"]
[Black "Della Rocca, Giorgio"]
[Result "0-1"]
[WhiteElo "1620"]
[BlackElo "1910"]
[PlyCount "92"]
[EventDate "2009.07.27"]

1. Nf3 Nf6 2. g3 d5 3. d4 Bf5 4. Bg2 c5 5. c3 cxd4 6. cxd4 Nc6 7. O-O Qc8 8.
Nc3 h6 9. Bf4 a6 10. Rc1 Bh3 11. Ne5 Bxg2 12. Kxg2 g5 13. Be3 Bg7 14. Na4 Qe6
15. Nb6 Rb8 16. Qa4 O-O 17. Nxc6 bxc6 18. Rxc6 Qe4+ 19. Kg1 Ng4 20. Qa3 Rfd8
21. h3 Nxe3 22. Qxe3 Bxd4 23. Qxe4 dxe4 24. Na4 Rd6 25. Rfc1 Rb4 26. b3 e3 27.
f3 Be5 28. Rxd6 exd6 29. Nc3 Bxg3 30. Nd5 Bf2+ 31. Kg2 Rd4 32. Nf6+ Kg7 33. Ne4
Bh4 34. Rc3 f5 35. Ng3 Bxg3 36. Kxg3 Rd2 37. f4 Rxe2 38. fxg5 hxg5 39. h4 f4+
40. Kg4 Rg2+ 41. Kh3 Rg3+ 42. Kh2 e2 43. Rc1 gxh4 44. a4 f3 45. b4 f2 46. b5
f1=Q 0-1

[Event "IX Open"]
[Site "Condino ITA"]
[Date "2009.08.01"]
[Round "7"]
[White "Giovannini, Roberto"]
[Black "Sanzani, Pierluigi"]
[Result "1/2-1/2"]
[WhiteElo "1976"]
[BlackElo "1824"]
[PlyCount "66"]
[EventDate "2009.07.27"]

1. d4 g6 2. Nf3 Bg7 3. Bf4 Nf6 4. e3 d6 5. h3 O-O 6. Nbd2 b6 7. Bc4 Ba6 8. Qe2
Bxc4 9. Qxc4 c5 10. d5 a6 11. a4 b5 12. Qa2 Nbd7 13. O-O Nb6 14. e4 Nxa4 15. c3
c4 16. Nd4 Nc5 17. Qb1 Qd7 18. Be3 e5 19. dxe6 fxe6 20. Rd1 e5 21. Ne2 Qc6 22.
Ng3 Rfd8 23. h4 h5 24. f3 a5 25. Nh1 a4 26. Nf2 Rf8 27. Qc2 Rad8 28. Nf1 Ne6
29. Nh3 Qc8 30. Rd2 Nc5 31. Rad1 Nd3 32. Nf2 Nxf2 33. Bxf2 Qc6 1/2-1/2

[Event "IX Open"]
[Site "Condino ITA"]
[Date "2009.08.01"]
[Round "7"]
[White "Hamperl, Fred"]
[Black "Pepino, Enrico"]
[Result "0-1"]
[WhiteElo "2075"]
[BlackElo "2110"]
[PlyCount "100"]
[EventDate "2009.07.27"]

1. e4 d6 2. d4 Nf6 3. Nc3 g6 4. Be3 Bg7 5. Qd2 c6 6. h3 b5 7. Bd3 Nbd7 8. a3
Bb7 9. f4 e5 10. Nf3 Qe7 11. O-O a6 12. Rae1 O-O 13. f5 exd4 14. Bxd4 c5 15.
Nd5 Qd8 16. Bxf6 Nxf6 17. c4 Rb8 18. fxg6 hxg6 19. Ng5 Nxd5 20. exd5 Bxb2 21.
Qf4 f5 22. Re6 Rf6 23. Qh4 Qd7 24. Rfe1 Rxe6 25. Rxe6 Qg7 26. Rxd6 Qd4+ 27.
Qxd4 Bxd4+ 28. Kf1 Kg7 29. Ne6+ Kf7 30. Nxd4 bxc4 31. Bxc4 cxd4 32. Rb6 Kf8 33.
Rxg6 Rc8 34. Bxa6 Rc1+ 35. Ke2 Bxd5 36. Rf6+ Ke7 37. Rxf5 Bxg2 38. h4 Ke6 39.
Rf2 Be4 40. Rf8 Rc2+ 41. Kd1 Rh2 42. Rh8 Ke5 43. Rf8 Rxh4 44. Rf2 Rh1+ 45. Rf1
Rh2 46. a4 Ra2 47. Bb5 d3 48. Re1 Kd4 49. a5 Bf3+ 50. Kc1 d2+ 0-1

[Event "IX Open"]
[Site "Condino ITA"]
[Date "2009.08.01"]
[Round "7"]
[White "Lodi, Paolo"]
[Black "Catalano, Luigi"]
[Result "0-1"]
[WhiteElo "1706"]
[BlackElo "1679"]
[PlyCount "102"]
[EventDate "2009.07.27"]

1. c4 g6 2. Nc3 Bg7 3. g3 c6 4. Bg2 Nf6 5. e4 e5 6. d3 d6 7. Nge2 Nbd7 8. O-O
O-O 9. h3 a6 10. a4 h6 11. Kh2 Nh7 12. f4 exf4 13. Bxf4 Ne5 14. b3 g5 15. Be3
Nf6 16. d4 Nfg4+ 17. hxg4 Nxg4+ 18. Kg1 Nxe3 19. Qd3 Nxf1 20. Rxf1 Qb6 21. Nd1
Be6 22. Kh2 Bg4 23. Bf3 Bd7 24. c5 dxc5 25. dxc5 Qc7 26. Ne3 Rad8 27. Qc2 Be6
28. Nf5 Bxf5 29. exf5 Bf6 30. Kg2 Kg7 31. g4 Qa5 32. Rf2 Rd2 33. Qc1 Rfd8 34.
Ng3 Rxf2+ 35. Kxf2 Qd2+ 36. Qxd2 Rxd2+ 37. Ke3 Rc2 38. Nh5+ Kf8 39. Nxf6 Rc3+
40. Kf2 Rxb3 41. Ne4 Ke7 42. Nd6 b5 43. cxb6 Kxd6 44. a5 Ra3 45. b7 Kc7 46.
Bxc6 Rxa5 47. Be4 f6 48. Ke3 Ra4 49. Bf3 a5 50. Kd2 Rb4 51. Kc2 a4 0-1

[Event "IX Open"]
[Site "Condino ITA"]
[Date "2009.08.01"]
[Round "7"]
[White "Marangoni, Simone"]
[Black "Barucco, Mattia"]
[Result "0-1"]
[WhiteElo "1703"]
[BlackElo "2006"]
[PlyCount "54"]
[EventDate "2009.07.27"]

1. c4 e5 2. Nc3 d6 3. Nf3 g6 4. g3 Bg7 5. Bg2 Nc6 6. O-O f5 7. d3 Nge7 8. Bg5
h6 9. Bd2 O-O 10. Rb1 g5 11. b4 f4 12. b5 Nd4 13. Nxd4 exd4 14. Nd5 Nxd5 15.
Bxd5+ Kh8 16. Qc1 Be5 17. c5 Qf6 18. Bb4 Bh3 19. Bg2 Bxg2 20. Kxg2 f3+ 21. exf3
Qxf3+ 22. Kg1 Qxd3 23. cxd6 cxd6 24. Qc7 Qh7 25. Rbc1 Rf7 26. Qc8+ Rxc8 27.
Rxc8+ Kg7 0-1

[Event "IX Open"]
[Site "Condino ITA"]
[Date "2009.08.01"]
[Round "7"]
[White "Menon, Michele"]
[Black "Frugoni, Giulio"]
[Result "1-0"]
[WhiteElo "1741"]
[BlackElo "1753"]
[PlyCount "84"]
[EventDate "2009.07.27"]

1. Nf3 Nf6 2. c4 c5 3. Nc3 d5 4. cxd5 Nxd5 5. g3 Nc6 6. Bg2 e6 7. O-O a6 8. d4
cxd4 9. Nxd4 Bc5 10. Nxc6 bxc6 11. Ne4 Ba7 12. Qa4 O-O 13. Qxc6 Bd7 14. Qc2 Rc8
15. Qd1 Bb5 16. Bd2 a5 17. a4 Ba6 18. Nc3 Re8 19. h4 h6 20. Nb5 Bc5 21. e3 Qb6
22. Re1 Red8 23. Qf3 Bb4 24. Bxb4 Nxb4 25. Red1 Bxb5 26. axb5 Qxb5 27. Bf1 Qe5
28. b3 Kf8 29. Qb7 Qb8 30. Qe4 Rxd1 31. Rxd1 Kg8 32. Bg2 Na2 33. Rd7 Qxb3 34.
Rb7 Qd1+ 35. Kh2 Nc3 36. Qf4 Rf8 37. Bf3 Ne2 38. Bxe2 Qxe2 39. Ra7 Qa2 40. g4
Qa3 41. Qe5 a4 42. Qf4 Qe7 1-0

[Event "IX Open"]
[Site "Condino ITA"]
[Date "2009.08.01"]
[Round "7"]
[White "Monticone, Sonia"]
[Black "Pandini, Giuseppe"]
[Result "1-0"]
[WhiteElo "1805"]
[BlackElo "1715"]
[PlyCount "85"]
[EventDate "2009.07.27"]

1. c4 b6 2. Nc3 e6 3. d4 Bb7 4. Nf3 Nf6 5. e3 Bb4 6. a3 Be7 7. Bd3 O-O 8. O-O
d6 9. e4 Nfd7 10. Bf4 c5 11. e5 dxe5 12. dxe5 Nc6 13. Qe2 a6 14. Rad1 Qc7 15.
Bb1 Rfd8 16. Ng5 Nf8 17. Nf3 Rxd1 18. Rxd1 Rd8 19. Bd3 Nd4 20. Nxd4 cxd4 21.
Ne4 Ng6 22. Bg3 Nxe5 23. Qh5 f5 24. Ng5 Bxg5 25. Qxg5 h6 26. Bxe5 hxg5 27. Bxc7
Rd7 28. Bxb6 g6 29. Re1 Kf7 30. c5 Re7 31. Bd8 Re8 32. Bxg5 e5 33. Bc4+ Kg7 34.
Rd1 Rc8 35. b4 Kh8 36. f4 exf4 37. Rxd4 f3 38. Bd5 Bxd5 39. Rxd5 fxg2 40. Rd8+
Rxd8 41. Bxd8 Kg8 42. Bc7 Kf7 43. Bf4 1-0

[Event "IX Open"]
[Site "Condino ITA"]
[Date "2009.08.01"]
[Round "7"]
[White "Pandini, Claudio"]
[Black "Bouanani, Denis"]
[Result "0-1"]
[WhiteElo "1266"]
[BlackElo "1533"]
[PlyCount "74"]
[EventDate "2009.07.27"]

1. c4 Nf6 2. Nc3 d5 3. cxd5 Nxd5 4. g3 e5 5. Bg2 Be6 6. e4 Nb4 7. a3 Nd3+ 8.
Kf1 Qd4 9. Qf3 Bc5 10. Qe3 Qd8 11. Qe2 Bc4 12. b3 Ba6 13. b4 Nxc1 14. Qxa6 Nxa6
15. bxc5 Nb3 16. Ra2 Naxc5 17. Nf3 O-O 18. Nd5 Nxe4 19. Ne3 Nexd2+ 20. Nxd2
Nxd2+ 21. Ke2 Nb3 22. Rd1 Nd4+ 23. Ke1 c6 24. Rad2 Qb6 25. f4 Nf3+ 26. Bxf3
Qxe3+ 27. Be2 exf4 28. gxf4 Qg1+ 29. Bf1 Rfe8+ 30. Re2 Rxe2+ 31. Kxe2 Re8+ 32.
Kd3 Rd8+ 33. Ke2 Qg4+ 34. Ke1 Qxd1+ 35. Kf2 Rd2+ 36. Be2 Qxe2+ 37. Kg1 Rd1# 0-1

[Event "IX Open"]
[Site "Condino ITA"]
[Date "2009.08.01"]
[Round "7"]
[White "Panjkovic, Stefan"]
[Black "Sigillo, Carmelo"]
[Result "0-1"]
[WhiteElo "1503"]
[BlackElo "1803"]
[PlyCount "106"]
[EventDate "2009.07.27"]

1. d4 Nf6 2. Bf4 c5 3. e3 b6 4. c3 Bb7 5. Nf3 g6 6. Nbd2 Bg7 7. Be2 d6 8. h3
O-O 9. O-O Nbd7 10. Qc2 Nh5 11. Bh2 e5 12. dxe5 dxe5 13. Nc4 Qe7 14. Rfd1 Rfd8
15. Rd2 Ba6 16. b3 Bxc4 17. Bxc4 Nhf6 18. Rad1 Ne8 19. Bb5 e4 20. Ne1 Ndf6 21.
Rxd8 Rxd8 22. Rxd8 Qxd8 23. Bxe8 Qxe8 24. Qd2 Qd7 25. Qd6 Qxd6 26. Bxd6 Ne8 27.
Bb8 Bxc3 28. Kf1 a6 29. Ba7 Ba5 30. Nc2 Nd6 31. a3 Nc8 32. Bb8 Bc3 33. Ke2 Kf8
34. f3 f5 35. b4 Ke7 36. bxc5 bxc5 37. fxe4 fxe4 38. Kf2 Ke6 39. Kg3 Be5+ 40.
Bxe5 Kxe5 41. Kg4 Nd6 42. g3 c4 43. Kg5 Nf7+ 44. Kg4 c3 45. h4 h5+ 46. Kh3 Kd5
47. g4 Kc4 48. Ne1 Kb3 49. gxh5 gxh5 50. Kg3 c2 51. Nxc2 Kxc2 52. Kf4 Kd3 53.
a4 a5 0-1

[Event "IX Open"]
[Site "Condino ITA"]
[Date "2009.08.01"]
[Round "7"]
[White "Pipitone, Antonio"]
[Black "Stets, Dmitry"]
[Result "0-1"]
[WhiteElo "2061"]
[BlackElo "2427"]
[PlyCount "84"]
[EventDate "2009.07.27"]

1. e4 c5 2. Nf3 d6 3. d4 cxd4 4. Nxd4 Nf6 5. Nc3 g6 6. Be2 Bg7 7. Bg5 O-O 8.
Qd2 Nc6 9. Nb3 Be6 10. Bh6 Bxh6 11. Qxh6 a5 12. Qd2 Qb6 13. f3 a4 14. Nc1 Nd4
15. Nd3 a3 16. b3 Rfc8 17. Rc1 Qa5 18. Nb1 Rxc2 19. Rxc2 Nxc2+ 20. Kd1 Bxb3 21.
Qxa5 Rxa5 22. Kd2 Nd4 23. Nc3 Bc4 24. Rb1 b5 25. Bd1 Nd7 26. Ke3 e5 27. f4 f6
28. fxe5 dxe5 29. Nb4 Kf7 30. Ne2 Bxe2 31. Bxe2 Nc5 32. Rc1 Ra4 33. Nd5 Nxe4
34. Rc7+ Ke6 35. Nb4 Rxb4 36. Bd3 Nd6 37. Rxh7 N6f5+ 38. Kf2 Rb2+ 39. Kg1 Rxa2
40. Be4 Ne2+ 41. Kf1 Neg3+ 42. hxg3 Nxg3+ 0-1

[Event "IX Open"]
[Site "Condino ITA"]
[Date "2009.08.01"]
[Round "7"]
[White "Poletti, Fausto"]
[Black "Panjkovic, Aleksandar"]
[Result "1/2-1/2"]
[WhiteElo "1894"]
[BlackElo "2122"]
[PlyCount "100"]
[EventDate "2009.07.27"]

1. Nf3 d5 2. g3 c6 3. Bg2 e6 4. O-O f5 5. d4 Nf6 6. b3 Bd7 7. c4 Ne4 8. Qc2 Bd6
9. Nbd2 O-O 10. Ne5 Be8 11. Ndf3 Bh5 12. Nd3 Nd7 13. Bf4 Be7 14. Nfe5 Nxe5 15.
Bxe5 g5 16. f3 Nf6 17. Rae1 Bg6 18. Qd2 h6 19. c5 b6 20. b4 a5 21. a3 Nd7 22.
Qc3 b5 23. e3 Rf7 24. f4 Bf6 25. Bf3 Bxe5 26. dxe5 Nf8 27. Ra1 Rfa7 28. Rfd1
Ra6 29. Ne1 R8a7 30. Nc2 Qa8 31. Kf1 axb4 32. axb4 Ra2 33. Be2 R7a4 34. Rxa2
Rxa2 35. Rb1 Bf7 36. Rb2 Ra4 37. Rb1 Ra2 38. Rb2 Ra4 39. Rb1 Kg7 40. Rb3 Nd7
41. Ra3 gxf4 42. gxf4 Nf8 43. Bd1 Ng6 44. Rxa4 Qxa4 45. Qa3 Qxa3 46. Nxa3 d4
47. Kf2 d3 48. Ke1 Nh4 49. Kd2 Ng6 50. Kxd3 Ne7 1/2-1/2

[Event "IX Open"]
[Site "Condino ITA"]
[Date "2009.08.01"]
[Round "7"]
[White "Ravazzolo, Gaia"]
[Black "Bondoni, Bernardino"]
[Result "1/2-1/2"]
[WhiteElo "1698"]
[BlackElo "1560"]
[PlyCount "135"]
[EventDate "2009.07.27"]

1. d4 d5 2. Nf3 e6 3. c4 Nf6 4. Nc3 Be7 5. cxd5 Nxd5 6. e3 O-O 7. Bd3 b6 8. O-O
Bb7 9. Nxd5 Bxd5 10. b3 Bf6 11. Rb1 Bb7 12. Bb2 Nc6 13. Be4 Rb8 14. Ba3 Be7 15.
Bxe7 Nxe7 16. Bxb7 Rxb7 17. Rc1 Qd6 18. Qe2 b5 19. Ne5 f6 20. Nd3 Rb6 21. Qd2
e5 22. dxe5 fxe5 23. Rfd1 Rd8 24. Qe2 Rc6 25. Rxc6 Nxc6 26. Nb2 Qc5 27. Rxd8+
Nxd8 28. Nd3 Qd6 29. Qc2 Ne6 30. Ne1 c5 31. h3 a5 32. Qd3 Qxd3 33. Nxd3 e4 34.
Nb2 Kf7 35. Kf1 Kf6 36. Ke2 Ke5 37. Kd2 Nc7 38. a3 Nd5 39. Kc2 Nb6 40. Kc3 Kd5
41. f3 exf3 42. gxf3 Ke5 43. Nd3+ Kd6 44. Nb2 Kd5 45. Kd3 c4+ 46. bxc4+ bxc4+
47. Kc3 Kc5 48. e4 Nd7 49. Nxc4 a4 50. e5 Kd5 51. f4 Ke4 52. e6 Nf6 53. e7 Nd5+
54. Kd2 Nxe7 55. Nb6 Kxf4 56. Nxa4 Nc6 57. Nb6 Kg3 58. a4 Kxh3 59. Nc4 g5 60.
a5 Nxa5 61. Nxa5 h5 62. Ke2 Kg2 63. Nc4 g4 64. Ne3+ Kg3 65. Nf1+ Kh3 66. Kf2 h4
67. Kg1 g3 68. Ne3 1/2-1/2

[Event "IX Open"]
[Site "Condino ITA"]
[Date "2009.08.01"]
[Round "7"]
[White "Ravazzolo, Gildo"]
[Black "Hortensius, Myrre"]
[Result "0-1"]
[WhiteElo "1503"]
[BlackElo "1773"]
[PlyCount "76"]
[EventDate "2009.07.27"]

1. c4 e6 2. Nc3 d5 3. d4 Nf6 4. Nf3 c6 5. c5 Nbd7 6. Bf4 Be7 7. e3 O-O 8. Bd3
b6 9. b4 Bb7 10. O-O Nh5 11. Be5 f6 12. Bg3 Nxg3 13. hxg3 e5 14. Nh2 e4 15. Be2
Qc7 16. Bg4 f5 17. Bh3 g6 18. f4 exf3 19. Qxf3 Bg5 20. Ne2 Ba6 21. Rfe1 Bxe2
22. Rxe2 Rae8 23. Rae1 Nf6 24. Nf1 Ne4 25. Kh2 h5 26. Rc2 h4 27. cxb6 axb6 28.
Rec1 Rf6 29. b5 Nxg3 30. Kg1 Nxf1 31. Kxf1 Rxe3 32. Qxd5+ Ree6 33. Rb1 Be3 34.
a4 Qh2 35. Ke2 Bxd4+ 36. Kd3 Qg3+ 37. Qf3 Re3+ 38. Kxd4 Qe5+ 0-1

[Event "IX Open"]
[Site "Condino ITA"]
[Date "2009.08.01"]
[Round "7"]
[White "Righi, Ezio"]
[Black "Schaberg, Wolfgang"]
[Result "1-0"]
[WhiteElo "2111"]
[BlackElo "1953"]
[PlyCount "37"]
[EventDate "2009.07.27"]

1. e4 c5 2. Nf3 d6 3. d4 cxd4 4. Nxd4 Nf6 5. Nc3 e6 6. Be2 Be7 7. O-O Nc6 8.
Be3 O-O 9. Kh1 Bd7 10. f4 Nxd4 11. Qxd4 Bc6 12. Rad1 a6 13. Bf3 Qa5 14. Qd2 Qc7
15. Qf2 b5 16. e5 dxe5 17. fxe5 Qxe5 18. Bxc6 Ng4 19. Qf4 1-0

[Event "IX Open"]
[Site "Condino ITA"]
[Date "2009.08.01"]
[Round "7"]
[White "Rossi, Giampiero"]
[Black "Cosenza, Gianni"]
[Result "1/2-1/2"]
[WhiteElo "1934"]
[BlackElo "1927"]
[PlyCount "57"]
[EventDate "2009.07.27"]

1. d4 d5 2. c4 c6 3. cxd5 cxd5 4. Nc3 Nf6 5. Nf3 a6 6. Bf4 Nc6 7. e3 Bf5 8. Ne5
Rc8 9. Qb3 Na5 10. Qa4+ Nd7 11. g4 Be6 12. Bd3 f6 13. Nxd7 Bxd7 14. Qc2 e6 15.
O-O Bb5 16. Bxb5+ axb5 17. Qe2 b4 18. Qb5+ Kf7 19. Na4 Rc6 20. Rfc1 Be7 21. b3
h5 22. gxh5 Rxh5 23. Qe2 Bf8 24. Rxc6 Nxc6 25. Qb5 e5 26. dxe5 Nxe5 27. Rd1
Nf3+ 28. Kg2 Nh4+ 29. Kf1 1/2-1/2

[Event "IX Open"]
[Site "Condino ITA"]
[Date "2009.08.01"]
[Round "7"]
[White "Salvo, Guglielmo"]
[Black "Hortensius, Lisa"]
[Result "0-1"]
[WhiteElo "1762"]
[BlackElo "2033"]
[PlyCount "100"]
[EventDate "2009.07.27"]

1. e4 e6 2. f4 d5 3. exd5 exd5 4. d4 Nf6 5. Nf3 Bg4 6. Be2 Bd6 7. O-O O-O 8. c4
dxc4 9. Bxc4 Nbd7 10. Nc3 Nb6 11. Bb3 c6 12. Qd3 Bxf3 13. Rxf3 Qc7 14. Bc2 Rfe8
15. Bd2 Rad8 16. Raf1 Bc5 17. Ne2 Qe7 18. Re3 Qf8 19. Rxe8 Qxe8 20. Bc3 Bf8 21.
Ng3 Nbd5 22. Re1 Qd7 23. Ne4 Nxe4 24. Rxe4 g6 25. Qe2 Bg7 26. f5 c5 27. fxg6
hxg6 28. Bb3 b5 29. Qf3 b4 30. Bxd5 Qxd5 31. Re8+ Bf8 32. Qxd5 Rxd5 33. Bd2 Kg7
34. Re4 Rxd4 35. Rxd4 cxd4 36. Kf1 Kf6 37. Ke2 Ke5 38. Kd3 f5 39. g3 Be7 40. h4
Kd5 41. Bf4 Bf6 42. b3 Be5 43. Bg5 Bxg3 44. Bf6 Bf2 45. Be7 f4 46. Ke2 Be3 47.
Bxb4 Ke4 48. Bd6 d3+ 49. Kd1 f3 50. Bg3 f2 0-1

[Event "IX Open"]
[Site "Condino ITA"]
[Date "2009.08.01"]
[Round "7"]
[White "Scharrer, Patrick"]
[Black "De Santis, Alessio"]
[Result "1/2-1/2"]
[WhiteElo "2280"]
[BlackElo "2293"]
[PlyCount "113"]
[EventDate "2009.07.27"]

1. e4 c5 2. Nf3 Nc6 3. d3 e6 4. g3 a6 5. Bg2 Be7 6. O-O h5 7. h4 Nf6 8. c3 d6
9. Nbd2 e5 10. Nc4 b5 11. Ne3 Rb8 12. d4 cxd4 13. cxd4 Bg4 14. d5 Bxf3 15. Bxf3
Nd4 16. Nc2 Nxc2 17. Qxc2 Rc8 18. Qe2 g6 19. a4 Qa5 20. Bd2 b4 21. Rfc1 O-O 22.
b3 Nd7 23. Bh6 Nc5 24. Bxf8 Bxf8 25. Rc4 Rb8 26. Qc2 Qd8 27. Rf1 a5 28. Bd1 Rc8
29. Qd2 Kh7 30. Kg2 Bh6 31. Qe2 Rc7 32. Rh1 Kg7 33. Qc2 Qf6 34. Rf1 Qd8 35. Be2
Qe7 36. Qb2 Kg8 37. Rd1 Bg7 38. Re1 Kh7 39. f3 Kg8 40. Qc2 Qd8 41. Bd1 Bf8 42.
Rf1 Qe7 43. Qf2 Bg7 44. Bc2 Bf6 45. Rh1 Qd8 46. Bd1 Qe7 47. Qe3 Qd8 48. Re1 Qe7
49. Kf2 Qd8 50. Ke2 Qc8 51. Kf2 Qh3 52. Rg1 Kh7 53. Bc2 Bg7 54. Qe1 Bh6 55. Rh1
Qc8 56. Qe2 Qd8 57. Kg2 1/2-1/2

[Event "IX Open"]
[Site "Condino ITA"]
[Date "2009.08.01"]
[Round "7"]
[White "Trifoni, Giorgio"]
[Black "Moro, Roberto"]
[Result "1-0"]
[WhiteElo "1596"]
[BlackElo "1781"]
[PlyCount "91"]
[EventDate "2009.07.27"]

1. Nf3 d5 2. d4 Nc6 3. e3 Nf6 4. c4 Bg4 5. h3 Bh5 6. cxd5 Nxd5 7. a3 e6 8. Be2
Be7 9. Nc3 a6 10. O-O b5 11. Qc2 Qd7 12. Ne4 Bxf3 13. Bxf3 O-O 14. Nc5 Bxc5 15.
Qxc5 Rac8 16. Bd2 Nce7 17. Rac1 f5 18. Rc2 Qd6 19. Rfc1 g5 20. Bxd5 exd5 21.
Bb4 Qxc5 22. Bxc5 Rf7 23. Bd6 Ng6 24. Rxc7 Rcxc7 25. Bxc7 Rd7 26. Rc6 Kf7 27.
Ba5 Ra7 28. Rd6 Ne7 29. Bd8 f4 30. Bxe7 Rxe7 31. exf4 gxf4 32. Rxd5 Re2 33.
Rf5+ Ke6 34. Rxf4 Rxb2 35. Rh4 Ra2 36. Rh6+ Kd5 37. Rxa6 Kxd4 38. Ra5 Kc5 39.
f4 Kb6 40. Ra8 Kb7 41. Re8 Rxa3 42. f5 Ra6 43. Re5 Rb6 44. f6 Ka6 45. f7 Rf6
46. Re6+ 1-0

[Event "IX Open"]
[Site "Condino ITA"]
[Date "2009.08.01"]
[Round "7"]
[White "Ubezio, Marco"]
[Black "Qendro, Llambi"]
[Result "0-1"]
[WhiteElo "2144"]
[BlackElo "2349"]
[PlyCount "96"]
[EventDate "2009.07.27"]

1. e4 g6 2. d4 Bg7 3. c3 d6 4. Nf3 Nf6 5. Bd3 O-O 6. O-O Bg4 7. h3 Bxf3 8. Qxf3
Nc6 9. Bg5 h6 10. Be3 e5 11. d5 Nb8 12. c4 Nbd7 13. Nc3 a5 14. a3 Nh5 15. g3 b6
16. Bc2 Qe7 17. Qe2 Rae8 18. Qd2 Kh7 19. Kh2 Rg8 20. f4 exf4 21. gxf4 f5 22.
Bd4 Qh4 23. Rf3 Bxd4 24. Qxd4 fxe4 25. Nxe4 Ref8 26. Raf1 Rxf4 27. Nf6+ Qxf6
28. Rxf4 Nxf4 29. Qxf6 Nxf6 30. Rxf4 Kg7 31. Ba4 Rf8 32. Kg2 Nd7 33. Rxf8 Nxf8
34. Kf3 Kf6 35. b4 axb4 36. axb4 Ke5 37. Ke3 g5 38. Be8 Nh7 39. Bg6 Nf6 40. Bf7
b5 41. Kd3 bxc4+ 42. Kxc4 h5 43. Kb5 g4 44. Bxh5 Nxh5 45. hxg4 Nf6 46. Kc6 Nxd5
47. b5 Nc3 48. g5 Nxb5 0-1

[Event "IX Open"]
[Site "Condino ITA"]
[Date "2009.08.01"]
[Round "7"]
[White "Zallocco, Marco"]
[Black "Saviano, Sabato"]
[Result "1-0"]
[WhiteElo "1468"]
[BlackElo "1695"]
[PlyCount "101"]
[EventDate "2009.07.27"]

1. d4 d5 2. Bf4 Nf6 3. Nf3 e6 4. e3 Bb4+ 5. c3 Bd6 6. Be5 Nc6 7. Nbd2 Bxe5 8.
Nxe5 Nxe5 9. dxe5 Nd7 10. f4 O-O 11. Nf3 h6 12. Bd3 f5 13. Qc2 c5 14. Qe2 c4
15. Bc2 Nc5 16. b4 Nd7 17. Nd4 Qe7 18. g4 Qh4+ 19. Kd2 Nb6 20. Rag1 fxg4 21.
Rxg4 Qe7 22. Rhg1 Kh8 23. Rxg7 Qxg7 24. Rxg7 Kxg7 25. Qh5 Rg8 26. Qg6+ Kf8 27.
Qf6+ Ke8 28. Bg6+ Rxg6 29. Qxg6+ Ke7 30. Qh7+ Kd8 31. Qg8+ Kc7 32. Qf7+ Kb8 33.
Nxe6 Nd7 34. Nc5 Nxc5 35. bxc5 a5 36. Qxd5 Ra6 37. f5 Bxf5 38. Qf7 Bh3 39. Qxc4
Rg6 40. Qh4 Rg2+ 41. Kd3 Bf5+ 42. e4 Bg4 43. Qd8+ Ka7 44. Qxa5+ Kb8 45. Qd8+
Ka7 46. Qb6+ Kb8 47. e6 Be2+ 48. Ke3 Bf1 49. e7 Rg8 50. Qd8+ Rxd8 51. exd8=Q+
1-0

[Event "V Open A"]
[Site "Pedavena ITA"]
[Date "2009.07.27"]
[Round "1"]
[White "Aleksic, Nenad"]
[Black "Sorbera, Giovanni"]
[Result "1-0"]
[WhiteElo "2367"]
[BlackElo "1917"]
[PlyCount "52"]
[EventDate "2009.07.27"]

1. e4 Nf6 2. d3 c5 3. Nf3 g6 4. Nc3 d6 5. d4 cxd4 6. Nxd4 Bg7 7. h3 O-O 8. Bc4
Nc6 9. Be3 Qa5 10. O-O Qb4 11. Bb3 Nxd4 12. a3 Qa5 13. Bxd4 Bd7 14. Nd5 Nxd5
15. exd5 Bxd4 16. Qxd4 Qc5 17. Qe4 Rae8 18. Qh4 e5 19. dxe6 fxe6 20. Rad1 Kg7
21. Rd3 Rf6 22. Re3 e5 23. Rd1 Qc7 24. Qg5 Be6 25. Bxe6 Rexe6 26. Rc3 Qd8 1-0

[Event "V Open A"]
[Site "Pedavena ITA"]
[Date "2009.07.27"]
[Round "1"]
[White "Chiarion, Elisa"]
[Black "Gromovs, Sergejs"]
[Result "0-1"]
[WhiteElo "1904"]
[BlackElo "2339"]
[PlyCount "80"]
[EventDate "2009.07.27"]

1. b4 e5 2. a3 d5 3. Bb2 f6 4. e3 Bf5 5. Nf3 a5 6. b5 c5 7. d4 cxd4 8. exd4 e4
9. Nh4 Be6 10. g3 Nd7 11. Nd2 Nb6 12. Ng2 f5 13. Ne3 Rc8 14. Rc1 Na4 15. Ba1
Bxa3 16. Rb1 Nc3 17. Bxc3 Rxc3 18. Rb3 Rxb3 19. Nxb3 Bb4+ 20. Nd2 Bc3 21. Bh3
Ne7 22. O-O Bxd4 23. Nb3 Bb6 24. Nd4 Bxd4 25. Qxd4 O-O 26. Rd1 Qc7 27. Ng2 Qxc2
28. Nf4 Bf7 29. Ra1 Qc7 30. b6 Qd7 31. Qc5 a4 32. Qb4 Ra8 33. Ne2 Nc6 34. Qb5
Ra5 35. Qb2 d4 36. Qd2 a3 37. Nc3 Qd8 38. Nd1 Qxb6 39. Bf1 a2 40. Nb2 e3 0-1

[Event "V Open A"]
[Site "Pedavena ITA"]
[Date "2009.07.27"]
[Round "1"]
[White "Contin, Daniel"]
[Black "De Zordi, Fabio"]
[Result "1-0"]
[WhiteElo "2279"]
[BlackElo "1900"]
[PlyCount "55"]
[EventDate "2009.07.27"]

1. e4 e6 2. d4 d5 3. Nc3 h6 4. Be3 Nf6 5. e5 Nfd7 6. f4 Nc6 7. Nf3 Bb4 8. Bd3
Nb6 9. Qe2 Na4 10. Bd2 Nxb2 11. O-O Nxd3 12. cxd3 Qe7 13. Rac1 Ba3 14. Rb1 Bb4
15. Kh1 Bxc3 16. Bxc3 g5 17. g4 gxf4 18. Qd2 b6 19. Qxf4 a5 20. Be1 Rg8 21. Bh4
Qf8 22. Rbc1 Bb7 23. Bf6 Rc8 24. Rc3 Nb8 25. Rfc1 c5 26. dxc5 Rxc5 27. Rxc5
bxc5 28. Rb1 1-0

[Event "V Open A"]
[Site "Pedavena ITA"]
[Date "2009.07.27"]
[Round "1"]
[White "Ferretti, Alessandro"]
[Black "Naumkin, Igor"]
[Result "1/2-1/2"]
[WhiteElo "1947"]
[BlackElo "2481"]
[PlyCount "43"]
[EventDate "2009.07.27"]

1. e4 e6 2. d4 d5 3. Nc3 Bb4 4. e5 c5 5. a3 Bxc3+ 6. bxc3 Ne7 7. Qg4 O-O 8. Bd3
Nbc6 9. Qh5 Ng6 10. Nf3 Nce7 11. dxc5 Qc7 12. O-O Bd7 13. Bg5 f6 14. exf6 gxf6
15. Nh4 Rf7 16. Bxg6 hxg6 17. Nxg6 Nxg6 18. Qxg6+ Rg7 19. Qxf6 Rf7 20. Qg6+ Rg7
21. Qh6 Rh7 22. Qg6+ 1/2-1/2

[Event "V Open A"]
[Site "Pedavena ITA"]
[Date "2009.07.27"]
[Round "1"]
[White "Laketic, Gojko"]
[Black "Buzzatti, Francesco"]
[Result "1-0"]
[WhiteElo "2463"]
[BlackElo "1946"]
[PlyCount "96"]
[EventDate "2009.07.27"]

1. d4 Nf6 2. c4 e6 3. Nf3 d5 4. Bg5 Bb4+ 5. Nbd2 h6 6. Bxf6 Qxf6 7. a3 Bxd2+ 8.
Qxd2 b6 9. cxd5 exd5 10. Rc1 Nc6 11. Qe3+ Ne7 12. Rxc7 Be6 13. Qd2 O-O 14. e3
Rfc8 15. Rxc8+ Rxc8 16. Ba6 Rc7 17. O-O Bc8 18. Bxc8 Nxc8 19. Rc1 Qd8 20. Ne1
Nd6 21. Rxc7 Qxc7 22. Qc2 Qxc2 23. Nxc2 a5 24. b3 Ne4 25. f3 Nd2 26. Na1 a4 27.
bxa4 f5 28. Kf2 Kf7 29. a5 bxa5 30. Ke2 Nc4 31. Nc2 Ke6 32. Kd3 g5 33. e4 fxe4+
34. fxe4 Nb2+ 35. Kc3 Na4+ 36. Kb3 Nb6 37. e5 Kf5 38. Kc3 Ke4 39. e6 Nc8 40.
Na1 a4 41. Nc2 Kf5 42. Kb4 Kxe6 43. Kxa4 Kf5 44. Kb5 Ke4 45. Kc5 Ne7 46. a4 Nf5
47. a5 Kd3 48. Nb4+ Ke4 1-0

[Event "V Open A"]
[Site "Pedavena ITA"]
[Date "2009.07.27"]
[Round "1"]
[White "Okhotnik, Vladimir"]
[Black "Bagolin, Renzo"]
[Result "1-0"]
[WhiteElo "2449"]
[BlackElo "1930"]
[PlyCount "49"]
[EventDate "2009.07.27"]

1. d4 Nf6 2. Nf3 d5 3. Bg5 e6 4. Nbd2 Be7 5. e3 Nbd7 6. Bd3 h6 7. Bh4 c5 8. c3
c4 9. Bc2 a6 10. Ne5 Nxe5 11. dxe5 Nd7 12. Bg3 Bh4 13. Qg4 Bxg3 14. hxg3 Kf8
15. f4 Qb6 16. O-O-O Qxe3 17. Rde1 Qb6 18. f5 Nc5 19. f6 gxf6 20. exf6 Rg8 21.
Qf4 Nd3+ 22. Bxd3 cxd3 23. Qxh6+ Ke8 24. Qg7 Rxg7 25. fxg7 1-0